00845nam a2200265Ia 450000100060000000300090000600800410001504000130005604000130006904100130008210000250009510000290012024500530014924500290020225000110023126000100024226000280025226000490028030000590032950000780038865000260046665000310049270000270052370000290055041305IT-RoPAU130308s9999 xx 000 0 und d aIT-RoPAU cIT-RoPAU aFRANCESE aLissarrague Francois gCodice Aut. SPICS: 17902 aPartage et communautè dans les banquets Grecs bTable et le partage (La) a1a ed. aPARIS bDocumentation Francaise c1986 [1° Ed.:1986 - Ed.Ling.Originale:1986] a"16 p. (prefazione: no ; testo: 16 [pagine: 155-170])" aBanchetti greci e Comunità Divisione e Comunità Nei Pasti Sacrificali aSAGGI DI ANTROPOLOGIA eCodice materia Spics: 3507 aSchmitt-Pantel Pauline gCodice Aut. SPICS: 17903